Wird geladen...

ദേശചരിത്രവും സംസ്കാരവും: കൊണ്ടോട്ടി നേർച്ചയെ അടിസ്ഥാനമാക്കി ഒരു പഠനം/

Desacharithravum samskaravum: Kondotty nerchaye adisthanamakki oru padanam

Bibliographische Detailangaben
1. Verfasser: Meenu, K.
Format: Dissertation
Sprache:Malayalam
LEADER 00845nam a22001697a 4500
008 211201b |||||||| |||| 00| 0 mal d
082 |a 398 
100 |a Meenu, K. 
245 |a ദേശചരിത്രവും സംസ്കാരവും:   |b കൊണ്ടോട്ടി നേർച്ചയെ അടിസ്ഥാനമാക്കി ഒരു പഠനം/ 
300 |a 81p. 
502 |a M A Dissertation--School of Folklore Studies, University of Calicut, 2021. 
504 |a Includes bibliographical references. 
520 |a Desacharithravum samskaravum: Kondotty nerchaye adisthanamakki oru padanam 
796 |a Sineesh Velikkuni  |c Sri.  |e Thesis advisor. 
942 |c PD 
999 |c 363933  |d 363933 
952 |0 0  |1 0  |4 0  |6 398_000000000000000_MEE_D  |7 0  |9 424005  |a FLK  |b FLK  |c REF  |d 2021-12-01  |i D173  |l 0  |o 398 MEE/D  |p FLKD173  |r 2021-12-01  |w 2021-12-01  |y PD